Statistics for Words Starting With G

Click here to take the quiz!

General Stats

  • This quiz has been taken 28 times
  • The average score is 49 of 73

Answer Stats

HintAnswer% Correct
a unit of heredity transferred from parent to offspringGene
100%
a US stateGeorgia
100%
long necked mammalGiraffe
100%
valueable elementGold
100%
trashGarbage
96%
factorys have it to keep machines workingGear
96%
large beingGiant
96%
a presentGift
96%
weaponGun
96%
where you put the carGarage
92%
keeps cars runningGas
92%
leader of armyGeneral
92%
femaleGirl
92%
a cupGlass
92%
helps people seeGlasses
92%
an apeGorilla
92%
parents momGrandma
92%
a colorGreen
92%
where people exerciseGym
92%
European nationGermany
88%
keeps hands warmsGloves
88%
parents dadGrandpa
88%
fabulous, amazingGreat
88%
opposite of innocentGuilty
88%
chewed in classGum
88%
Monopoly, Fortnite, BasketballGame
85%
grants wishesGenie
85%
sticks things togetherGlue
85%
orange fishGoldfish
85%
swallowing soundGulp
85%
donate, present, offerGive
81%
a farm mammalGoat
81%
a colorGray
81%
European nationGreece
81%
a lizardGecko
77%
seabirdGull
77%
smart personGenius
73%
tender, mildGentle
73%
score in testsGrade
73%
real, authenticGenuine
65%
immense, collosalGigantic
65%
brown sauceGravy
65%
protectGuard
65%
an instrumentGuitar
65%
a doorGate
62%
a waterfowlGoose
62%
a maleGuy
62%
bacteriaGerms
54%
dark, dismal, depressingGloomy
54%
purple fruitGrapes
54%
appreciationGrateful
54%
reducing to powderGrind
54%
happy, pleased, delightedGlad
50%
backyard cropsGarden
46%
collect, accumilateGather
46%
kindGenerous
46%
a spiceGinger
46%
statues in backyardGnome
46%
nice, fine, well behavedGood
46%
thankfulness; appreciationGratitude
46%
power supplyGenerator
42%
a petGuinea Pig
42%
dead personGhost
35%
huge, enormousGinormous
35%
a spiceGarlic
27%
ravishing, dazzlingGorgeous
27%
miseryGrief
27%
how flexible people do splitsGymnastics
23%
chivalrous, statelyGallant
19%
snails, slugsGastropod
19%
a pastryGingerbread
8%
splendid, magnificentGlorious
8%
scrawny, skinny, thinGaudy
4%

Score Distribution

Percentile by Number Answered

Percent of People with Each Score

Your Score History

You have not taken this quiz